000 00794nam a2200277Ia 4500
001 dia_8
003 CHAP
005 20221202123219.0
008 220117s1997 xx 000 0 und d
010 _a170440
020 _a95-5-303980-9
040 _cCHAP
082 _a641 F36 V.65
110 _aFAO
_939428
245 _aGestión de riesgos e inocuidad de los alimentos /
_c FAO
260 _aRoma, Italia :
_b FAO,
_c1997
300 _a36 p.
503 _aI.200560
650 _a1.Alimentos
_xCalidad
_9146941
650 _aAlimentos
_xInspección
_94239
710 _aOrganización para la Alimentación y la Agricultura (FAO)
_9146942
901 _a641 F36 V.65
902 _aM
905 _a0000001997 it X 0000000000spa00
942 _cLIBRO
_2ddc
999 _c170440
_d170440